Т. 256 : Обучение, воспитание и развитие личности студента; Известия Томского политехнического института [Известия ТПИ]

Détails bibliographiques
Parent link:Известия Томского политехнического института [Известия ТПИ]/ Томский политехнический институт (ТПИ). Т. 256 : Обучение, воспитание и развитие личности студента.— , 1944-1976
Langue:russe
Publié: Изд-во Томского ун-та, 1972
Sujets:
Format: MixedMaterials Livre
KOHA link:https://koha.lib.tpu.ru/cgi-bin/koha/opac-detail.pl?biblionumber=230086

MARC

LEADER 00000nam2a2200000 4500
001 230086
005 20231031202506.0
035 |a (RuTPU)RU\TPU\book\250796 
035 |a RU\TPU\book\250707 
090 |a 230086 
100 |a 20130117d1972 k y0rusy50 ca 
101 0 |a rus 
102 |a RU 
105 |a a z 000zy 
200 0 |a Т. 256 : Обучение, воспитание и развитие личности студента 
210 |c Изд-во Томского ун-та  |d 1972 
215 |a 112 с. 
461 1 |0 (RuTPU)RU\TPU\book\200995  |t Известия Томского политехнического института [Известия ТПИ]  |f Томский политехнический институт (ТПИ)  |v Т. 256 : Обучение, воспитание и развитие личности студента  |d 1944-1976 
601 0 2 |a Томский политехнический институт (ТПИ)  |c (1944-1991)  |2 stltpush  |3 (RuTPU)RU\TPU\col\1123 
610 1 |a научные исследования 
610 1 |a НТР 
610 1 |a научно-техническая революция 
610 1 |a образование 
610 1 |a воспитание 
610 1 |a студенты 
610 1 |a высшая школа 
610 1 |a эстетическое воспитание 
610 1 |a самоуправление 
610 1 |a социологическая информация 
610 1 |a буржуазные концепции 
610 1 |a труды учёных ТПУ 
675 |a 62  |v 3 
801 1 |a RU  |b 63413507  |c 20090209  |g PSBO 
801 2 |a RU  |b 63413507  |c 20191119  |g PSBO 
942 |c BK